Responses for show #3438 - Wednesday, July 14, 1999

Contestants

[<< previous game]

Tom Crawford, a graduate student from Chicago, Illinois

Katie Portnoy, a political analyst from Alexandria, Virginia

Karen Skochinski, a communications consultant and homemaker from Thunder Bay, Ontario (whose 1-day cash winnings total $15,000)

[next game >>]

Jeopardy! Round responses

PASS THE DUCHY
CLOWNS
THAT YEAR'S HEADLINE
(Alex: You identify the year.)
A LITTLE GAME OF CARDS?
BREAKFAST MENU
BIRD WORDS & PHRASES
    $100 1
Herzegovina

Tom
    $100 17
The Howdy Doody Show

Tom
    $100 2
(Katie: What is 1777?)

1776

Katie
Triple Stumper
    $100 7
Solitaire

Katie
    $100 4
Prunes

Katie
    $100 12
The worm

Karen
    $200 21
Dijon

Katie
    $200 18
Clown Hall of Fame

Katie
    $200 3
1984

Katie
    $200 8
Pinochle

Tom
    $200 5
Eggos

Karen
    $200 13
Cockpit

Katie
    $300 22
Eleanor

Katie
    $300 25
(less than a minute to go...)

Pies

Triple Stumper
    $300 28
1959

Katie
    $300 9
(Karen: What is snap?)

Slapjack

Karen
Triple Stumper
    $300 6
Hollandaise sauce

Tom
    $300 14
Crow

Tom
    $400 23
Belgium

Tom
    $400 26
Shriners

Tom
    $500 29
(Katie: What is 1813?)
(buzzer sounds)

1814

Katie
    $400 10
(Katie: What is 13?)

4

KatieTom
    $400 19
Grits

Katie
    $400 15
(Karen; What is a peacock?)

Jaybird

KarenTom
    $500 24
Luxembourg

Karen
    $500 27
Ronald McDonald

Katie
    $500 11
Shoe

Tom
    $500 20
Frittata

Karen
    $500 16
Killing two birds with one stone

Tom

Scores at the first commercial break (after clue 15):

Karen Katie Tom
-$400 $100 $2,200

Scores at the end of the Jeopardy! Round:

Karen Katie Tom
$600 $1,500 $3,600

Double Jeopardy! Round responses

CONTEMPORARY AUTHORS
HISTORIC GEOGRAPHY
QUOTATIONS
THE CINEMA
THE CIVIL WAR
"GRANT"s & "LEE"s
    $200 1
Anne Rice

Katie
    $200 7
Cyprus

Tom
    $200 21
Cape Cod

Katie
    $200 16
Rambo

Katie
    $200 12
(Katie: What is Savannah?)

Richmond

KarenKatie
    $200 6
Tommy Lee

Katie
    $400 2
Fannie Flagg

Karen
    $400 8
Haiti

Karen
    $400 22
Boston Tea Party

Karen
    $400 17
(T: Who is Isabella Rossellini?)

Ingrid Bergman

KarenTom
    $400 13
(Karen: Who is...[time]?)
(T: Who is Stephen Douglas?)

Frederick Douglass

KarenTom
Triple Stumper
    $400 29
Lee Trevino

Tom
    $600 3
Erich Segal

Karen
    $600 9
Norway

Karen
    $1,000 23
(Karen: Who was Edward R. Murrow?)
(less than a minute to go...)

Harry S. Truman (on the death of FDR)

Karen
    $600 18
1941

Triple Stumper
    $600 14
(Katie: I'm sorry, I don't know.)

J.E.B. Stuart

Katie
Triple Stumper
    $200 30
Gypsy Rose Lee

Tom
    $800 4
Michael Crichton

Tom
    $800 10
(Katie: What is the UA...United Arab...Nation?)
(Karen: What is the Arab League?)

United Arab Republic (UAR)

KarenKatie
Triple Stumper
    $800 24
(Karen: Who was Salvador Dali?)

Pablo Picasso

KarenTom
    $800 19
Nosferatu

Tom
    $800 15
Georgia

Triple Stumper
    $800 25
Grant Hill

Katie
    $1000 5
Mary Higgins Clark

Triple Stumper
    $1000 11
Ceylon (now Sri Lanka)

Karen
    $1000 27
Voltaire

Karen
    $1000 20
Ernst Stavro Blofeld

Tom
    $1000 28
Belle Boyd

Triple Stumper
    $1000 26
(T: What is Washington and Lee?)

Land grant colleges

Tom
Triple Stumper

Scores at the end of the Double Jeopardy! Round:

Karen Katie Tom
$2,600 $1,500 $6,000
(lock game)

[wagering suggestions for these scores]

Final Jeopardy! Round responses

STATE GOVERNMENT
(Alex: The only state with a unicameral legislature, 1 house.)
KatieWhat is Alaska?
$1,400
KarenWhat is Alaska?
$401
TomWhat is Alaska?
$0
Nebraska

Final scores:

Karen Katie Tom
$2,199 $100 $6,000
2nd place: Trip to Outrigger Hotel, Waikiki Beach, Hawaii 3rd place: Olympus Centurion S Zoom Lens Camera New champion: $6,000

Game dynamics:

Coryat scores:

Karen Katie Tom
$3,600 $2,000 $6,400
13 R,
6 W
(including 1 DD)
15 R,
6 W
(including 1 DD)
18 R
(including 1 DD),
3 W

Combined Coryat: $12,000

The J! Archive is created by fans, for fans. Scraping, republication, monetization, and malicious use prohibited; this site may use cookies and collect identifying information. See terms. The Jeopardy! game show and all elements thereof, including but not limited to copyright and trademark thereto, are the property of Jeopardy Productions, Inc. and are protected under law. This website is not affiliated with, sponsored by, or operated by Jeopardy Productions, Inc. Join the discussion at JBoard.tv.